书目信息 |
| 题名: |
中外著名中篇小说选
|
|
| 作者: | 阎纲 编选 | |
| 分册: | 3 | |
| 出版信息: | 北京 北京十月文艺出版社 1984.10 |
|
| 页数: | 526页 | |
| 开本: | 20cm | |
| 丛书名: | ||
| 单 册: | ||
| 中图分类: | I14 | |
| 科图分类: | ||
| 主题词: | 小说--作品集--世界 | |
| 电子资源: | ||
| ISBN: | 7-5302-0416-5 | |
| 000 | 00587nam0 2200193 45 | |
| 001 | 0312221749 | |
| 005 | 20050328172213.0 | |
| 010 | @a7-5302-0416-5@b简精装@dCNY23.00 | |
| 100 | @a20031222d1984 km y0chiy0120 ea | |
| 101 | @achi | |
| 105 | @a z 000yy | |
| 200 | 1 | @a中外著名中篇小说选@AZhong Wai Zhu Ming Zhong Pian Xiao Shuo Xuan@h3@f阎纲等编选@FYan Gang Deng Bian Xuan |
| 210 | @a北京@c北京十月文艺出版社@d1984.10 | |
| 215 | @a526页@d20cm | |
| 606 | 0 | @a小说@x作品集@x世界 |
| 690 | @aI14@v3 | |
| 701 | 0 | @a阎纲@4编选 |
| 801 | @aCN@bTSTCL@c20031222 | |
| 905 | @dI14@e109:3@f1@b282557 | |
| 中外著名中篇小说选.3/阎纲等编选.-北京:北京十月文艺出版社,1984.10 |
| 526页;20cm |
| ISBN 7-5302-0416-5(简精装):CNY23.00 |
| ● |
| 相关链接 |
|
|
|
|
正题名:中外著名中篇小说选
索取号:I14/109:3
 
预约/预借
| 序号 | 登录号 | 条形码 | 馆藏地/架位号 | 状态 | 备注 |
| 1 | 0282556 | 002825562 | 第二借阅区/ [索取号:I14/109:3] | 在馆 | |
| 2 | 0282557 | 002825571 | 第二借阅区/ [索取号:I14/109:3] | 在馆 | |
| 3 | 0282558 | 002825580 | 第二借阅区/ [索取号:I14/109:3] | 在馆 | |
| 4 | 0282559 | 002825599 | 第二借阅区/ [索取号:I14/109:3] | 在馆 | |
| 5 | 0282560 | 002825606 | 第二借阅区/ [索取号:I14/109:3] | 在馆 |